<?xml version="1.0" encoding="UTF-8"?>
<collection xmlns="http://www.loc.gov/MARC21/slim">
 <record>
  <leader>01423nam a2200253 a 4500</leader>
  <controlfield tag="001">1/48261</controlfield>
  <controlfield tag="008">190116n2009    gr a     b    00010 gre  </controlfield>
  <datafield tag="020" ind1=" " ind2=" ">
   <subfield code="a">9608305330</subfield>
  </datafield>
  <datafield tag="035" ind1=" " ind2=" ">
   <subfield code="l">51257</subfield>
  </datafield>
  <datafield tag="040" ind1=" " ind2=" ">
   <subfield code="a">GR-PeUP</subfield>
  </datafield>
  <datafield tag="082" ind1="0" ind2="0">
   <subfield code="a">271.819495 ΑΡΑ</subfield>
  </datafield>
  <datafield tag="100" ind1="1" ind2=" ">
   <subfield code="a">Αράπογλου, Μιχάλης Η.</subfield>
   <subfield code="d">1945-</subfield>
  </datafield>
  <datafield tag="245" ind1="1" ind2="0">
   <subfield code="a">Μονές Ιωαννίνων, νησί Παμβώτιδος /</subfield>
   <subfield code="c">[συγγραφή κειμένων Μιχάλης Η. Αράπογλου] ; [φωτογραφίες Κλαίρη Μουσταφέλλου].</subfield>
  </datafield>
  <datafield tag="260" ind1="0" ind2=" ">
   <subfield code="a">Αθήνα :</subfield>
   <subfield code="b">Πήγασος,</subfield>
   <subfield code="c">[2009;].</subfield>
  </datafield>
  <datafield tag="300" ind1=" " ind2=" ">
   <subfield code="a">142 σ. :</subfield>
   <subfield code="b">έγχρ. εικ. ;</subfield>
   <subfield code="c">26 εκ.</subfield>
  </datafield>
  <datafield tag="490" ind1="1" ind2=" ">
   <subfield code="a">Μοναστήρια και προσκυνήματα της Ελλάδας ;</subfield>
  </datafield>
  <datafield tag="500" ind1=" " ind2=" ">
   <subfield code="a">Η σειρά διανεμήθηκε δωρεάν μαζί με το &quot;Έθνος της Κυριακής&quot;.</subfield>
  </datafield>
  <datafield tag="504" ind1=" " ind2=" ">
   <subfield code="a">Βιβλιογραφία: σ. 142.</subfield>
  </datafield>
  <datafield tag="650" ind1=" " ind2="4">
   <subfield code="a">Μοναστήρια</subfield>
   <subfield code="z">Ελλάδα</subfield>
   <subfield code="z">Ιωάννινα (Νομός)</subfield>
   <subfield code="z">Νήσος.</subfield>
  </datafield>
  <datafield tag="650" ind1=" " ind2="4">
   <subfield code="a">Μοναστήρια</subfield>
   <subfield code="z">Ελλάδα</subfield>
   <subfield code="z">Ιωάννινα (Νομός).</subfield>
  </datafield>
  <datafield tag="651" ind1=" " ind2="0">
   <subfield code="a">Meteora</subfield>
   <subfield code="x">Monasteries (Greece).</subfield>
  </datafield>
  <datafield tag="700" ind1="1" ind2=" ">
   <subfield code="a">Μουσταφέλλου, Κλαίρη.</subfield>
  </datafield>
  <datafield tag="830" ind1=" " ind2=" ">
   <subfield code="a">Μοναστήρια και προσκυνήματα της Ελλάδας ;</subfield>
   <subfield code="v">12</subfield>
  </datafield>
  <datafield tag="852" ind1=" " ind2=" ">
   <subfield code="a">INST</subfield>
   <subfield code="b">UNIPILB</subfield>
   <subfield code="c">MAIN</subfield>
   <subfield code="e">20190116</subfield>
   <subfield code="h">271.819495 ΑΡΑ</subfield>
   <subfield code="p">00180208</subfield>
   <subfield code="q">00180208</subfield>
   <subfield code="t">LOAN</subfield>
   <subfield code="y">0</subfield>
   <subfield code="4">1</subfield>
  </datafield>
 </record>
</collection>
